000 00615nam a22002417a 4500
003 ceu
005 20140310182908.0
008 130128t xxu||||| |||| 00| 0 eng d
020 _a9789712353253
050 _aHM716
_b.T819 2009
082 _aFIL 658.4
_bTr73 2009
245 _aGroup dynamics
_cTria, Geraldine E.; Jao, Loreto V.
260 _aManila
_bRex Book Store
_cc2009
300 _a172 p.
_c22.3 cm.
521 _acollege students
526 _c1210L-1700L
541 _j1
541 _j2
541 _j3
541 _j4
562 _e4
942 _2lcc
_cBK
_kFIL
999 _c17179
_d17179